000 00780nam a2200205 i 4500
001 102501
003 ES-MaACL
005 20230906183125.0
007 t|
008 051111m19001910sp ||||1| spa d
080 _a821.161.1-31"19"
100 1 _aMerezhkovsky, Dmitry Sergeyevich.
_980486
245 1 3 _aLa muerte de los dioses
_b: (la novela de Juliano el Apóstata) /
_cpor Dimitry Merejkowsky ; unica traducción completa por Demetrio Zorrilla.
260 _aMadrid :
_bLa España Moderna,
_c[ entre 1900-1910] (
_fTip. de Idamor Moreno)
300 _a223 p. ;
_c23 cm.
490 1 _aLos grandes autores contemporáneos
830 0 _aLos grandes autores contemporáneos
_9184644
852 _aES-MaACL
_jF-14787
_q.- Ultimas hojas deterioradas
999 _c102501
_d102501